<?xml version="1.0" encoding="UTF-8"?>
<record
    xmlns:xsi="http://www.w3.org/2001/XMLSchema-instance"
    xsi:schemaLocation="http://www.loc.gov/MARC21/slim http://www.loc.gov/standards/marcxml/schema/MARC21slim.xsd"
    xmlns="http://www.loc.gov/MARC21/slim">

  <leader>01886njm a2200385Ia 4500</leader>
  <controlfield tag="001">37793</controlfield>
  <controlfield tag="003">IT-RoPAU</controlfield>
  <controlfield tag="005">20220918181110.0</controlfield>
  <controlfield tag="008">131025s9999    xx            000 0 und d</controlfield>
  <datafield tag="040" ind1=" " ind2=" ">
    <subfield code="a">IT-RoPAU</subfield>
  </datafield>
  <datafield tag="040" ind1=" " ind2=" ">
    <subfield code="c">IT-RoPAU</subfield>
  </datafield>
  <datafield tag="041" ind1=" " ind2=" ">
    <subfield code="a">INGLESE</subfield>
  </datafield>
  <datafield tag="999" ind1=" " ind2=" ">
    <subfield code="c">98874</subfield>
    <subfield code="d">98874</subfield>
  </datafield>
  <datafield tag="999" ind1=" " ind2=" ">
    <subfield code="b">n.d.</subfield>
  </datafield>
  <datafield tag="100" ind1=" " ind2=" ">
    <subfield code="a">Madonna (Ciccone) </subfield>
    <subfield code="9">19899</subfield>
  </datafield>
  <datafield tag="100" ind1=" " ind2=" ">
    <subfield code="e">Autore musica</subfield>
    <subfield code="9">19900</subfield>
  </datafield>
  <datafield tag="100" ind1=" " ind2=" ">
    <subfield code="g">Codice autore musica SPICS: 13281</subfield>
    <subfield code="9">19901</subfield>
  </datafield>
  <datafield tag="245" ind1=" " ind2=" ">
    <subfield code="a">True Blue</subfield>
  </datafield>
  <datafield tag="250" ind1=" " ind2=" ">
    <subfield code="a">1a ed.</subfield>
  </datafield>
  <datafield tag="260" ind1=" " ind2=" ">
    <subfield code="a">NEW YORK</subfield>
  </datafield>
  <datafield tag="260" ind1=" " ind2=" ">
    <subfield code="b">SIRE RECORS INC.</subfield>
    <subfield code="c">1986 [1a Ed.:1986 - Ed. Lingua Orig.: 1986]</subfield>
  </datafield>
  <datafield tag="300" ind1=" " ind2=" ">
    <subfield code="a">DISCO</subfield>
  </datafield>
  <datafield tag="300" ind1=" " ind2=" ">
    <subfield code="c">42 minuti (Testo:  pag.)</subfield>
  </datafield>
  <datafield tag="500" ind1=" " ind2=" ">
    <subfield code="a">Musica pop</subfield>
  </datafield>
  <datafield tag="505" ind1=" " ind2=" ">
    <subfield code="a">Papa Don't Preach (5:00) - Open Your Heart (5:00) - White Heat (5:00) - Live To Tell (6:00) - Where's the Party (5:00) - True Blue (5:00) - La isla bonita (5:00) - Jimmy Jimmy (4:00) - Love Makes the World Go Round (5:00)</subfield>
  </datafield>
  <datafield tag="650" ind1=" " ind2=" ">
    <subfield code="a">POP [DISCHI]</subfield>
    <subfield code="e">Codice MATERIA SPICS: 9950</subfield>
    <subfield code="9">1001</subfield>
  </datafield>
  <datafield tag="700" ind1=" " ind2=" ">
    <subfield code="a">Madonna (Ciccone) </subfield>
    <subfield code="g">Codice interprete SPICS: 13281</subfield>
    <subfield code="e">Interprete</subfield>
    <subfield code="9">19902</subfield>
  </datafield>
  <datafield tag="700" ind1=" " ind2=" ">
    <subfield code="a">Madonna (Ciccone)</subfield>
    <subfield code="g">Codice autore testo/musica SPICS: 13281</subfield>
    <subfield code="e">Autore testo/musica</subfield>
    <subfield code="9">19903</subfield>
  </datafield>
  <datafield tag="700" ind1=" " ind2=" ">
    <subfield code="a">Elliot Brian</subfield>
    <subfield code="g">Codice autore musica SPICS: 28462</subfield>
    <subfield code="e">Autore musica</subfield>
    <subfield code="p">Papa Don't Preach</subfield>
    <subfield code="9">19904</subfield>
  </datafield>
  <datafield tag="700" ind1=" " ind2=" ">
    <subfield code="a">Ralfelson Peter</subfield>
    <subfield code="g">Codice autore musica SPICS: 28464</subfield>
    <subfield code="e">Autore musica</subfield>
    <subfield code="p">Open Your Heart</subfield>
    <subfield code="9">19905</subfield>
  </datafield>
  <datafield tag="700" ind1=" " ind2=" ">
    <subfield code="a">Cole Gardner</subfield>
    <subfield code="g">Codice autore SPICS: 28463</subfield>
    <subfield code="e">Autore</subfield>
    <subfield code="p">Open Your Heart</subfield>
    <subfield code="9">19906</subfield>
  </datafield>
  <datafield tag="700" ind1=" " ind2=" ">
    <subfield code="a">Leonard Pat</subfield>
    <subfield code="g">Codice autore musica SPICS: 28465</subfield>
    <subfield code="e">Autore musica</subfield>
    <subfield code="p">White Heat - Live To Tell - Where's the Party - La isla bonita - Love Makes the World Go Round</subfield>
    <subfield code="9">19907</subfield>
  </datafield>
  <datafield tag="700" ind1=" " ind2=" ">
    <subfield code="a">Bray Steve (Stephen)</subfield>
    <subfield code="g">Codice autore musica SPICS: 21696</subfield>
    <subfield code="e">Autore musica</subfield>
    <subfield code="p">Where's the Party - True Blue - Jimmy Jimmy</subfield>
    <subfield code="9">19908</subfield>
  </datafield>
  <datafield tag="700" ind1=" " ind2=" ">
    <subfield code="a">Gaitsch Bruce</subfield>
    <subfield code="g">Codice autore musica SPICS: 28466</subfield>
    <subfield code="e">Autore musica</subfield>
    <subfield code="p">La isla bonita</subfield>
    <subfield code="9">19909</subfield>
  </datafield>
  <datafield tag="942" ind1=" " ind2=" ">
    <subfield code="c">MD</subfield>
    <subfield code="2">ddc</subfield>
  </datafield>
  <datafield tag="952" ind1=" " ind2=" ">
    <subfield code="0">0</subfield>
    <subfield code="1">0</subfield>
    <subfield code="4">0</subfield>
    <subfield code="6">37793_000000000000000</subfield>
    <subfield code="7">1</subfield>
    <subfield code="a">SPICS</subfield>
    <subfield code="b">SPICS</subfield>
    <subfield code="d">2013-10-25</subfield>
    <subfield code="l">0</subfield>
    <subfield code="o">37793</subfield>
    <subfield code="r">2013-10-25 00:00:00</subfield>
    <subfield code="w">2013-10-25</subfield>
    <subfield code="y">MD</subfield>
    <subfield code="z">Progr. Ins.: 13618 / N.Vol.: 1 / Copie: 1 - Copia rara: n.d. / date import: 01.01.2014 - By Epidotti, Trombetti, Vaglietti</subfield>
  </datafield>
</record>
